| 000 | 01691cam a2200265 4500 | ||
|---|---|---|---|
| 001 | ABS68134 | ||
| 008 | 040831n2004 000 0 eng u | ||
| 035 | _a(Sirsi) u127213 | ||
| 100 | _aMorris, H. | ||
| 245 | _aRoom for a view in the housing debate | ||
| 260 | _c2004 | ||
| 490 |
_aAxis _v58(3) July/August 2004, 10-11(2) |
||
| 520 | _aDiscusses public attitudes towards new housing development in their areas and reviews a new study "Housing futures: informed public opinion", which concludes that a clearer understanding of local people's preferences can help plan more publicly acceptable developments. The report surveyed residents in southeast England on six different ways that development might occur in the next 20 years. Increased housing densities, urban extension and new towns were the most popular options, with village growth and new small settlements of 2 000-4 000 homes the least popular forms of development. Residents also gave their views on the acceptability of types and densities of housing, with detached and semi-detached properties were most acceptable and blocks of flats more disliked than liked. Concludes that Nimbyism is far from rife and that there is no blanket objection to new housing. The study is available at www.jrf.org.uk. | ||
| 590 | _aABS | ||
| 590 | _aABS | ||
| 650 | _aHOUSING DENSITY | ||
| 650 | _aURBAN DEVELOPMENT | ||
| 650 | _aPPG3 | ||
| 650 | _aPPS1 | ||
| 650 | _aNIMBYISM | ||
| 690 | _aHOUSING-DEVELOPMENT | ||
| 856 |
_uhttps://www.jrf.org.uk/bookshop/eBooks/1859352022.pdf _zView study on JRF website... |
||
| 856 |
_uhttps://www.jrf.org.uk/bookshop/eBooks/1859352022.pdf _zView study on JRF website... |
||
| 942 | _n0 | ||
| 999 |
_c117918 _d117918 |
||